Normal view MARC view

Entry Personal Name

Number of records used in: 1

001 - CONTROL NUMBER

  • control field: 9896

003 - CONTROL NUMBER IDENTIFIER

  • control field: DLC

005 - DATE AND TIME OF LATEST TRANSACTION

  • control field: 20231110141314.0

008 - FIXED-LENGTH DATA ELEMENTS

  • fixed length control field: 830729n| azannaabn |b aaa

010 ## - LIBRARY OF CONGRESS CONTROL NUMBER

  • LC control number: n 83005712

035 ## - SYSTEM CONTROL NUMBER

  • System control number: (OCoLC)oca00901534

040 ## - CATALOGING SOURCE

  • Original cataloging agency: DLC
  • Language of cataloging: eng
  • Description conventions: rda
  • Transcribing agency: DLC
  • Modifying agency: DLC
  • Modifying agency: OCoLC
  • Modifying agency: DLC
  • Modifying agency: PU-ME
  • Modifying agency: DLC

100 1# - HEADING--PERSONAL NAME

  • Personal name: Hāshimī, Muḥammad ʻAlī

400 1# - SEE FROM TRACING--PERSONAL NAME

  • Personal name: Hashimy, Muhammad Ali

400 1# - SEE FROM TRACING--PERSONAL NAME

  • Personal name: هاشمي، محمد علي

400 1# - SEE FROM TRACING--PERSONAL NAME

  • Personal name: Al-Hashimi, Muhammad ʻAli

400 1# - SEE FROM TRACING--PERSONAL NAME

  • Personal name: Al Hachimi, Mohammed

400 1# - SEE FROM TRACING--PERSONAL NAME

  • Personal name: Hachimi, Mohammed Ali Al-

400 1# - SEE FROM TRACING--PERSONAL NAME

  • Personal name: Ḣoshimī, Muḣammad Alī

670 ## - SOURCE DATA FOUND

  • Source citation: His ʻĀdī ibn Zayd ... 1967.

670 ## - SOURCE DATA FOUND

  • Source citation: Qurashī, Abū Z.M. ibn Abī al-K. Jamharat ashʻār al-ʻArab fī al-Jāhilīyah wa-al-Islām, 1981:
  • Information found: v. 1, t.p. (al-Duktūr Muḥammad ʻAlī al-Hāshimī) added t.p. (Dr. Muhammad Ali al Hashimy)

670 ## - SOURCE DATA FOUND

  • Source citation: The ideal Muslim society, 2007:
  • Information found: t.p. (Dr. Muhammad ʻAli al-Hashimi)

670 ## - SOURCE DATA FOUND

  • Source citation: La personnalité du musulman, 2007:
  • Information found: t.p. (Dr Mohammed Al Hachimi) cover (Dr. Mohammed Ali Al-Hachimi)

670 ## - SOURCE DATA FOUND

  • Source citation: Shakhsii︠a︡ti musulmon, 2003:
  • Information found: title page (Muḣammad Alī al-Ḣoshimī)

Powered by Koha